Energy technology and climate change : a call to action.

Bibliographic Details
Corporate Authors: International Energy Agency, Organisation for Economic Co-operation and Development
Format: Book
Language:English
Published: Paris : OECD/IEA, [2000]
Subjects:

MARC

Tag First Indicator Second Indicator Subfields
LEADER 00000cam a2200000Ia 4500
001 in00001600546
005 20151022170929.0
008 010126s2000 fr a b i000 0 eng d
020 |a 9264185631 
035 |a (OCoLC)ocm45800664 
040 |a LCI  |c LCI  |d TXA  |d UtOrBLW 
049 |a TXAM 
090 |a QC981.8.C5  |b E5 2000 
245 0 0 |a Energy technology and climate change :  |b a call to action. 
264 1 |a Paris :  |b OECD/IEA,  |c [2000] 
264 4 |c ©2000 
300 |a 167 pages :  |b illustrations ;  |c 23 cm. 
336 |a text  |b txt  |2 rdacontent 
337 |a unmediated  |b n  |2 rdamedia 
338 |a volume  |b nc  |2 rdacarrier 
500 |a At head of title: International Energy Agency. 
504 |a Includes bibliographical references (pages 155-158). 
650 0 |a Climatic changes  |x Government policy  |z OECD countries. 
650 0 |a Greenhouse gases  |x Environmental aspects  |z OECD countries. 
650 0 |a Energy consumption  |x Environmental aspects  |z OECD countries. 
710 2 |a International Energy Agency. 
710 2 |a Organisation for Economic Co-operation and Development. 
994 |a E0  |b TXA 
948 |a cataloged  |b h  |c 2001/2/23  |d c  |e blrosas  |f 10:44:03 am 
999 |a MARS 
999 f f |s c037b823-e642-338c-b1bc-9d2464891d22  |i 98f6ed7b-a2b5-3384-8fda-997068220710  |t 0 
952 f f |p ric  |a Texas A&M University  |b Rellis Campus  |c Joint Library Facility  |s JLF  |d Remote Storage  |t 0  |e QC981.8.C5 E5 2000  |h Library of Congress classification  |i unmediated -- volume  |m A14827380567 
998 f f |a QC981.8.C5 E5 2000  |t 0  |l Remote Storage